<?xml version="1.0" encoding="UTF-8"?>
<record
    xmlns:xsi="http://www.w3.org/2001/XMLSchema-instance"
    xsi:schemaLocation="http://www.loc.gov/MARC21/slim http://www.loc.gov/standards/marcxml/schema/MARC21slim.xsd"
    xmlns="http://www.loc.gov/MARC21/slim">

  <leader>01799agaaa2200313   4500</leader>
  <controlfield tag="001">5994</controlfield>
  <controlfield tag="003">IT-RoPAU</controlfield>
  <controlfield tag="005">20220918181253.0</controlfield>
  <controlfield tag="007">d cvaizq</controlfield>
  <controlfield tag="008">50131s9999||||xx ||| |     ||   ||und||</controlfield>
  <datafield tag="040" ind1=" " ind2=" ">
    <subfield code="a">IT-RoPAU</subfield>
    <subfield code="c">IT-RoPAU</subfield>
  </datafield>
  <datafield tag="041" ind1=" " ind2=" ">
    <subfield code="a">ITALIANO</subfield>
  </datafield>
  <datafield tag="100" ind1=" " ind2=" ">
    <subfield code="a">Dreyer Carl Theodor</subfield>
    <subfield code="g">Codice regista SPICS: 7100</subfield>
    <subfield code="9">42959</subfield>
  </datafield>
  <datafield tag="130" ind1=" " ind2=" ">
    <subfield code="a">MIKAEL</subfield>
    <subfield code="9">49924</subfield>
  </datafield>
  <datafield tag="245" ind1=" " ind2=" ">
    <subfield code="a">MIKAEL</subfield>
    <subfield code="c">Prodotto da: Pommer Erich -- Sceneggiatura: Dreyer Carl Theodore Von Harbou Thea -- Diretto da: Dreyer Carl Theodor</subfield>
    <subfield code="p">CARL THEODOR DREYER COLLECTION - 3 FILM INEDITI (Rif. Codice opera principale : H5993)</subfield>
  </datafield>
  <datafield tag="250" ind1=" " ind2=" ">
    <subfield code="a">Edizione Standard</subfield>
  </datafield>
  <datafield tag="260" ind1=" " ind2=" ">
    <subfield code="a">(GERMANIA)</subfield>
    <subfield code="b">UNIVERSUM FILM A.G. / Distribuzione: MULTIMEDIA SAN PAOLO</subfield>
    <subfield code="g">"1924 (1&#xB0; ed.: 2005 ; Ed. Lingua Orig.: 1924)"</subfield>
  </datafield>
  <datafield tag="300" ind1=" " ind2=" ">
    <subfield code="a">DVD</subfield>
    <subfield code="b">muto, b&amp;w</subfield>
    <subfield code="c">93 minuti</subfield>
  </datafield>
  <datafield tag="508" ind1=" " ind2=" ">
    <subfield code="a">"Fotografia: Freund K Mate' R.; Musica: Vieth Hans Joseph; Sceneggiatura: Dreyer Carl Theodore Von Harbou Thea; Scenografia: Haring Hugo; "</subfield>
  </datafield>
  <datafield tag="511" ind1=" " ind2=" ">
    <subfield code="a">"Slezak Walter; Auzinger Max; Gregor Nora; Garrison Robert; Christensen Benjamin"</subfield>
  </datafield>
  <datafield tag="520" ind1=" " ind2=" ">
    <subfield code="a">MIKAEL E' UN ARTISTA, IL CUI MAESTRO E' ZORET. I DUE HANNO UNA RELAZIONE, MA POI MIKAEL CONOSCE LA PRINCIPESSA ZAMIKOFF E PER STARLE VICINO SI METTE A RUBARE PER POTER FARE REGALI E MANTENERE IL SUO ALTO TENORE DI VITA. MIKAEL LASCIA ZORET, LA CUI SALUTE E' DIVENTATA CAGIONEVOLE, MA SCOPRE ANCHE LASPIRITUALITA' DELLA SUA SOLITUDINE...</subfield>
  </datafield>
  <datafield tag="538" ind1=" " ind2=" ">
    <subfield code="a">PAL, STEREO</subfield>
  </datafield>
  <datafield tag="546" ind1=" " ind2=" ">
    <subfield code="a">ITALIANO</subfield>
  </datafield>
  <datafield tag="650" ind1=" " ind2=" ">
    <subfield code="a">DRAMMATICO</subfield>
    <subfield code="e">DVD-FILM [DVD]</subfield>
    <subfield code="x">Codice MATERIA SPICS: 9947</subfield>
    <subfield code="9">49925</subfield>
  </datafield>
  <datafield tag="700" ind1=" " ind2=" ">
    <subfield code="a">Bang Herman </subfield>
    <subfield code="e">(soggetto)</subfield>
    <subfield code="g">Codice Soggetto SPICS: 58370</subfield>
    <subfield code="9">49926</subfield>
  </datafield>
  <datafield tag="700" ind1=" " ind2=" ">
    <subfield code="a">Dreyer Carl Theodor </subfield>
    <subfield code="e">(regista)</subfield>
    <subfield code="g">Codice regista SPICS: 7100</subfield>
    <subfield code="9">42959</subfield>
  </datafield>
  <datafield tag="700" ind1=" " ind2=" ">
    <subfield code="a">Vieth Hans Joseph</subfield>
    <subfield code="e">(musica)</subfield>
    <subfield code="g">Codice Musica SPICS: 58371</subfield>
    <subfield code="9">49927</subfield>
  </datafield>
  <datafield tag="942" ind1=" " ind2=" ">
    <subfield code="c">DV</subfield>
    <subfield code="2">ddc</subfield>
  </datafield>
  <datafield tag="999" ind1=" " ind2=" ">
    <subfield code="c">107009</subfield>
    <subfield code="d">107009</subfield>
  </datafield>
  <datafield tag="952" ind1=" " ind2=" ">
    <subfield code="0">0</subfield>
    <subfield code="1">0</subfield>
    <subfield code="4">0</subfield>
    <subfield code="6">H_5994_000000000000000</subfield>
    <subfield code="7">1</subfield>
    <subfield code="a">SPICS</subfield>
    <subfield code="b">SPICS</subfield>
    <subfield code="d">2015-01-31</subfield>
    <subfield code="l">0</subfield>
    <subfield code="o">H5994</subfield>
    <subfield code="r">2015-01-31 00:00:00</subfield>
    <subfield code="w">2015-01-31</subfield>
    <subfield code="y">DV</subfield>
    <subfield code="z">Progr. Ins.: 3359 / N.Vol.:1 / Copie: 0 / Pag.:0 / Copia rara: n.d. / date import: 1.2.2015 / By Epidotti, Trombetti, Vaglietti</subfield>
  </datafield>
</record>
